00952nam a2200181 i 450000100060000000300090000600500170001500700030003200800410003510000420007624503430011826000880046130000500054965000200059965000280061970000360064785200870068340730ES-MaACL20250820063029.0t|030306s1880 sp ||||1| spa d1 aCarreras y Aragó, Luis, d1835-190710aExamen y mejora de la visión seguido de una serie de cuadros sinópticos de las diversas alteraciones en la refracción y en la acomodación del ojo, con las lentes destinadas a corregirlas, y de unas tablas y escala visuales cromáticas / cpor Luis Carreras Aragó ; ilustrado con grabados y cromos por... Ricardo de Vilallonga. aBarcelona : b[s.n.], c1880 (fEstab. Tip. de los Sucesores de N. Ramírez y Cª) a60, [38] p., [3] h. de lám. col. ; c30 cm.04aOftalmología. 4aÓptica fisiológica.1 aVilallonga Velasco, Ricardo de. aES-MaACLjT-664-F-8 z- Dedicatoria manuscrita del autor a Manuel Sáenz Díez